| 000 | 00499nam a22001697a 4500 | ||
|---|---|---|---|
| 008 | 160321b xxu||||| |||| 00| 0 eng d | ||
| 020 | _a978-81-7880-497-2 | ||
| 082 |
_22010 _aDC 797.2 _bJ61 |
||
| 100 |
_94031 _aJohn, Samuel |
||
| 245 |
_aSwimming/ _cSamuel John |
||
| 260 |
_aNew Delhi, India: _bRajat Publications, _cc2010. |
||
| 300 |
_av, 256 pages; _c22 cm. |
||
| 500 | _aIncludes bibliographical references and index. | ||
| 650 | 0 |
_94032 _aSwimming |
|
| 365 |
_b1,875.00 _cPhp |
||
| 942 |
_2ddc _cDC |
||
| 999 |
_c1354 _d1354 |
||